| 000 | 00472nam a2200181Ia 4500 | ||
|---|---|---|---|
| 001 | 1481 | ||
| 005 | 20260306143731.0 | ||
| 008 | 260306t2012||||xx |||||||||||||| ||spa|| | ||
| 041 | _aESP | ||
| 082 |
_a150.195 _bJ89 2012 |
||
| 100 |
_aJung, Carl Gustav _eAUT |
||
| 245 | 0 |
_aSímbolos de transformación: _banálisis del preludio a una esquizofrenia |
|
| 260 | _c2012 | ||
| 300 |
_a589 páginas : _c23 cm. |
||
| 650 | _aGEN | ||
| 654 | _aCPS | ||
| 942 |
_cLIB _dJUS _fJUS _2ddc _n |
||
| 999 |
_c1481 _d1481 |
||